000 00690nam a2200217 i 4500
001 53328
003 ES-MaACL
005 20251123063302.0
007 t|
008 900315s1864 sp ||||1|aspa d
080 _a86-992"19"
080 _a86(Escalante,A.7 D.01)
100 1 _aEscalante, Amós de,
_d1831-1902
_947461
245 1 0 _aDel Ebro al Tiber
_b: recuerdos /
_cpor Juan García.
260 _aMadrid :
_b[s.n.],
_c1864 (
_fCristobal Gonzalez)
300 _a410, [6] p. ;
_c19 cm.
500 _aIndice.
500 _aJuan García es seudónimo de Amós de Escalante.
852 _aES-MaACL
_jR-2620
_bR.117808
_q. - Ded. autógr. del autor
999 _c53328
_d53328